| 000 | 01136nam a22003377a 4500 | ||
|---|---|---|---|
| 003 | CHAP | ||
| 005 | 20220329140322.0 | ||
| 008 | 971013s1957 r 00010 d | ||
| 010 | _a50304 | ||
| 011 | _a51276 | ||
| 035 | _a55426 | ||
| 040 | _cCHAP | ||
| 090 | _aTesis | ||
| 100 | 0 | 0 |
_aPiña Pérez, Cira. _988455 |
| 245 | _aEstudio histoquímico preliminar y determinaciones en el extracto céreo del tallo de la candelilla | ||
| 260 |
_aMéxico, D.F. : _bEl autor, _c1957 |
||
| 300 |
_a55 h. _b: ilus. |
||
| 502 | _aTesis (Químico Farmacéutico-Biólogo) -- UNAM. Escuela Nacional de Ciencias Químicas | ||
| 590 |
_aALEPH _b10 _c20130110 _lUCH01 _h1324 |
||
| 590 |
_aBATCH-UPD _b10 _c20130110 _lUCH01 _h0044 |
||
| 590 |
_aBATCH-UPD _b10 _c20130110 _lUCH01 _h0819 |
||
| 590 |
_aBATCH-UPD _b10 _c20130409 _lUCH01 _h2030 |
||
| 590 |
_aBATCH-UPD _b10 _c20130410 _lUCH01 _h0456 |
||
| 590 |
_aBATCH-UPD _b10 _c20130914 _lUCH01 _h0832 |
||
| 590 |
_aCONVERSION _b10 _c20130109 _lUCH01 _h1327 |
||
| 650 | 1 | 4 |
_aCandelilla. _918328 |
| 650 | 1 | 4 |
_aHistoquímica. _955598 |
| 901 | _aBK | ||
| 942 | _cTESIS | ||
| 949 |
_bBC _cTES _d-121606 _eTS1 _i55426 _si |
||
| 999 |
_c50304 _d50304 |
||